El despertar ganadero : el mundo, una gran oportunidad /

Guardado en:
Autor Principal: Carreras, Alberto de las.
Formato: Libro
Idioma:Spanish
Publicado: Ciudad Autónoma de Buenos Aires, Argentina : Siglo XXI, [2005]
Materias:
Etiquetas: Agregar Etiqueta
Sin Etiquetas, Sea el primero en etiquetar este registro!
LEADER 00874cam a2200253 a 4500
001 EEO.eeo001066
008 051229s2005####ag#ab##g#b####000#0#spa##
005 20091204103555.0
245 1 3 |a El despertar ganadero :  |b el mundo, una gran oportunidad /  |c por Alberto de las Carreras. 
260 |a Ciudad Autónoma de Buenos Aires, Argentina :  |b Siglo XXI,  |c [2005] 
300 |a 187 p. :  |b il., map ;  |c 21 cm. 
504 |a Incluye referencias bibliográficas (p. [183]-187). 
020 |a 987101337X 
100 1 |a Carreras, Alberto de las. 
043 |a s-ag--- 
650 7 |a Agroindustria.  |2 Isoc 
650 7 |a Ganadería.  |2 Isoc 
650 7 |a Carne.  |2 Isoc 
650 7 |a Comercio exterior.  |2 Isoc 
650 7 |a Industria cárnica.  |2 Isoc 
010 |a  2006419173 
040 |a DLC  |c DLC 
050 0 0 |a HD9433.A72  |b C38 2005 
859 |a AR-BaUEB  |b BIB. ECONOMIA - General  |h 338.1762  |i C233  |p e13986